[Event "First Saturday 2010 julius IM-A"]
[Site "Budapest"]
[Date "2010.07.03"]
[Round "1"]
[White "Szalanczy, Emil"]
[Black "Martini, Balazs"]
[Result "1/2-1/2"]
[WhiteElo "2272"]
[BlackElo "2310"]
[PlyCount "29"]
[EventDate "2010.07.03"]

1. d4 d5 2. c4 c6 3. Nf3 Nf6 4. Nc3 a6 5. cxd5 cxd5 6. Bf4 Nc6 7. e3 Bf5 8. Bd3
Bxd3 9. Qxd3 e6 10. O-O Bd6 11. Bxd6 Qxd6 12. Rac1 O-O 13. a3 Rfc8 14. Rc2 Nd7
15. Rfc1 1/2-1/2

[Event "First Saturday 2010 julius IM-A"]
[Site "Budapest"]
[Date "2010.07.03"]
[Round "1"]
[White "Lyell, Mark"]
[Black "Farago, Sandor"]
[Result "0-1"]
[WhiteElo "2162"]
[BlackElo "2243"]
[PlyCount "56"]
[EventDate "2010.07.03"]

1. e4 d6 2. Nc3 g6 3. f4 Bg7 4. Nf3 e6 5. d4 Ne7 6. Bd3 Nbc6 7. Be3 d5 8. O-O
O-O 9. Qd2 dxe4 10. Bxe4 Nb4 11. Bf2 Nbd5 12. Bh4 c6 13. Nxd5 exd5 14. Qb4 dxe4
15. Bxe7 Qd5 16. c4 Qd7 17. Ne5 Qxd4+ 18. Kh1 a5 19. Qa3 Re8 20. Rad1 Qb6 21.
Bc5 Qa6 22. Qe3 Be6 23. Qxe4 f6 24. Nd3 Bxc4 25. Qf3 Rad8 26. Rfe1 Rxe1+ 27.
Nxe1 Bd5 28. Qe3 Qf1+ 0-1

[Event "First Saturday 2010 julius IM-A"]
[Site "Budapest"]
[Date "2010.07.03"]
[Round "1"]
[White "Virag, Attila Aba"]
[Black "Tran, Tuan Minh"]
[Result "0-1"]
[WhiteElo "2254"]
[BlackElo "2244"]
[PlyCount "148"]
[EventDate "2010.07.03"]

1. e4 e6 2. d4 d5 3. e5 c5 4. c3 Qb6 5. Nf3 Bd7 6. Be2 cxd4 7. cxd4 Bb5 8. Nc3
Bxe2 9. Qxe2 Nc6 10. Be3 Nge7 11. O-O Nf5 12. Rad1 Be7 13. Kh1 O-O 14. g4 Nxe3
15. fxe3 Rad8 16. g5 Rd7 17. Rg1 Rc8 18. Rg3 Bf8 19. Rh3 Ne7 20. Qf2 Ng6 21.
Nh4 Nh8 22. Rg1 Bb4 23. Ng2 Ng6 24. Nf4 Nf8 25. Nh5 Ng6 26. Nd1 Rdc7 27. Qf3
Qb5 28. a3 Be7 29. Nf6+ gxf6 30. gxf6 Bf8 31. Qh5 h6 32. Nc3 Qe8 33. Rhg3 Kh7
34. Qg4 Bxa3 35. Nd1 Bb4 36. h4 Qb5 37. h5 Rg8 38. Qh3 Qd3 39. hxg6+ Rxg6 40.
Rxg6 fxg6 41. Qxe6 Qe4+ 42. Rg2 Qh4+ 43. Kg1 Qe1+ 44. Kh2 Qxd1 45. Qh3 Bf8 46.
Qe6 Qh5+ 47. Kg3 Bb4 48. Qg4 Qxg4+ 49. Kxg4 Kg8 50. Rh2 Bf8 51. e6 Kh7 52. Rf2
a5 53. e4 dxe4 54. Kf4 a4 55. Re2 Kg8 56. Kxe4 Bb4 57. Kd5 Kf8 58. Rh2 h5 59.
Rg2 h4 60. Rxg6 Rh7 61. f7 Rh8 62. Rg2 h3 63. Rh2 Ke7 64. Kc4 Bd6 65. Rh1 h2
66. d5 Rh4+ 67. Kd3 b5 68. Kc2 Rd4 69. Rf1 Kf8 70. Kc3 Rxd5 71. b4 Re5 72. Kd4
Rxe6 73. Kd5 Rh6 74. Rh1 Kxf7 0-1

[Event "First Saturday 2010 julius IM-A"]
[Site "Budapest"]
[Date "2010.07.03"]
[Round "1"]
[White "Adams, Nick A"]
[Black "Qu, Yanqiao"]
[Result "1-0"]
[WhiteElo "2244"]
[BlackElo "2149"]
[PlyCount "105"]
[EventDate "2010.07.03"]

1. c4 Nf6 2. Nc3 d6 3. g3 Nbd7 4. Bg2 e5 5. d3 Be7 6. e4 O-O 7. Nge2 c6 8. O-O
a6 9. h3 b5 10. a3 Bb7 11. g4 Nb6 12. b3 Qd7 13. Be3 Bd8 14. f4 exf4 15. Bxf4
d5 16. c5 Nc8 17. exd5 Nxd5 18. Nxd5 cxd5 19. d4 Ne7 20. Qd2 Ng6 21. Bd6 Be7
22. Bxe7 Nxe7 23. Ng3 Bc6 24. Rae1 Rae8 25. Re3 Nc8 26. Rfe1 g6 27. g5 Qd8 28.
h4 Rxe3 29. Rxe3 f5 30. gxf6 Qxf6 31. h5 Ne7 32. Re5 Qh4 33. Qe3 Rf7 34. Re6
Kf8 35. Qe5 Qf4 36. Qh8+ Ng8 37. Rxc6 Qxg3 38. Rc8+ Ke7 39. Qe5+ Qxe5 40. dxe5
Rf8 41. Rxf8 Kxf8 42. hxg6 hxg6 43. Bxd5 Ne7 44. Bb7 a5 45. Kf2 Kf7 46. Kf3 g5
47. c6 Ke6 48. c7 Kxe5 49. c8=Q Nxc8 50. Bxc8 Kd4 51. a4 Kc5 52. Bd7 g4+ 53.
Kxg4 1-0

[Event "First Saturday 2010 julius IM-A"]
[Site "Budapest"]
[Date "2010.07.04"]
[Round "2"]
[White "Tran, Tuan Minh"]
[Black "Adams, Nick A"]
[Result "1/2-1/2"]
[WhiteElo "2244"]
[BlackElo "2244"]
[PlyCount "55"]
[EventDate "2010.07.03"]

1. d4 d5 2. c4 e6 3. Nf3 Nf6 4. Nc3 c5 5. cxd5 exd5 6. g3 Nc6 7. Bg2 Bg4 8. Bg5
Bxf3 9. Bxf3 Nxd4 10. Bxd5 Be7 11. Bxf6 Bxf6 12. Qa4+ b5 13. Nxb5 O-O 14. Bxa8
Qxa8 15. O-O-O Nxb5 16. Qxb5 Rb8 17. Qc4 Rxb2 18. Rhe1 Qb8 19. Rd7 h6 20. Red1
Rb4 21. Qxf7+ Kh8 22. Kd2 c4 23. Ke1 c3 24. Qg6 Rb2 25. Kf1 Qb6 26. Qe8+ Kh7
27. Qe4+ Kh8 28. Qe8+ 1/2-1/2

[Event "First Saturday 2010 julius IM-A"]
[Site "Budapest"]
[Date "2010.07.04"]
[Round "2"]
[White "Farago, Sandor"]
[Black "Virag, Attila Aba"]
[Result "1-0"]
[WhiteElo "2243"]
[BlackElo "2254"]
[PlyCount "91"]
[EventDate "2010.07.03"]

1. e4 c5 2. Nf3 Nc6 3. d4 cxd4 4. Nxd4 Nf6 5. Nc3 e5 6. Ndb5 d6 7. a4 a6 8. Na3
Be6 9. Bc4 Rc8 10. Bg5 Be7 11. Bxf6 Bxf6 12. Nd5 Bg5 13. c3 O-O 14. O-O Ne7 15.
Qb3 Bxd5 16. Bxd5 Nxd5 17. Qxd5 Qc7 18. Rfd1 Rfd8 19. Qb3 Qc6 20. Rd5 Be7 21.
Rad1 Rb8 22. R1d3 Rdc8 23. Rf3 Bf6 24. g3 Rc7 25. Kg2 Rbc8 26. Qb4 Be7 27. b3
Qe8 28. Nc4 Qf8 29. Qb6 g6 30. a5 Kg7 31. Qb4 Rd8 32. Nb6 Rc5 33. c4 Qe8 34.
Qd2 Qc6 35. Rfd3 Rf8 36. f3 f5 37. Rxd6 Bxd6 38. Rxd6 fxe4 39. Rxc6 exf3+ 40.
Kf2 Rxc6 41. Qd5 e4 42. Qxe4 Rf7 43. Qe5+ Kh6 44. Nd5 g5 45. Ne7 Rcf6 46. Ng8+
1-0

[Event "First Saturday 2010 julius IM-A"]
[Site "Budapest"]
[Date "2010.07.04"]
[Round "2"]
[White "Martini, Balazs"]
[Black "Lyell, Mark"]
[Result "1/2-1/2"]
[WhiteElo "2310"]
[BlackElo "2162"]
[PlyCount "63"]
[EventDate "2010.07.03"]

1. d4 d6 2. Bf4 g6 3. e3 Bg7 4. Nf3 Nd7 5. Bc4 e5 6. dxe5 dxe5 7. Bg5 f6 8.
Bxg8 Rxg8 9. Bh4 Nb6 10. Qxd8+ Kxd8 11. Nc3 Ke7 12. Nd2 Be6 13. f4 exf4 14.
exf4 Kf7 15. O-O Rge8 16. Bf2 Bf8 17. Nb5 Re7 18. Nd4 Bd7 19. Rae1 Rae8 20.
Rxe7+ Rxe7 21. c4 Na4 22. b4 Nc3 23. a3 Ne4 24. Nxe4 Rxe4 25. g3 Bg4 26. Re1
Rxe1+ 27. Bxe1 Ke7 28. Kf2 Kd7 29. Bc3 Be7 30. Nc2 c5 31. b5 Be6 32. Ne3 {
after 28 move} 1/2-1/2

[Event "First Saturday 2010 julius IM-A"]
[Site "Budapest"]
[Date "2010.07.04"]
[Round "2"]
[White "Berczes, Csaba"]
[Black "Szalanczy, Emil"]
[Result "1-0"]
[WhiteElo "2406"]
[BlackElo "2272"]
[PlyCount "93"]
[EventDate "2010.07.03"]

1. Nf3 Nf6 2. g3 c5 3. Bg2 Nc6 4. d4 cxd4 5. Nxd4 g6 6. O-O Bg7 7. c4 O-O 8.
Nc3 Ng4 9. e3 d6 10. h3 Nge5 11. b3 Bd7 12. Bb2 a6 13. Rc1 Qa5 14. Qe2 Rfe8 15.
Rfd1 Rab8 16. a3 Nxd4 17. exd4 Nc6 18. Ne4 Bf5 19. b4 Qa4 20. Nc3 Qb3 21. Nd5
e5 22. Rc3 Qa2 23. Re3 Kf8 24. Ra1 Nxd4 25. Rxa2 Nxe2+ 26. Rxe2 Bd3 27. Rd2
Bxc4 28. Ra1 b5 29. Ne3 Ke7 30. Nxc4 bxc4 31. Bd5 Rec8 32. Bc3 Bh6 33. Rc2 Rb5
34. Rd1 f5 35. a4 Rb6 36. Be1 e4 37. Rxc4 Rxc4 38. Bxc4 Rc6 39. Bb3 Bg7 40. b5
axb5 41. axb5 Rc5 42. Ba4 Be5 43. b6 Ke6 44. b7 d5 45. Bd2 Rc4 46. Bb3 Rc6 47.
Bxd5+ 1-0

[Event "First Saturday 2010 julius IM-A"]
[Site "Budapest"]
[Date "2010.07.04"]
[Round "2"]
[White "Kahn, Evart dr"]
[Black "Lengyel, Bela"]
[Result "1/2-1/2"]
[WhiteElo "2250"]
[BlackElo "2251"]
[PlyCount "42"]
[EventDate "2010.07.03"]

1. d4 d5 2. c4 e6 3. Nc3 Nf6 4. Bg5 Nbd7 5. cxd5 exd5 6. e3 Be7 7. Nf3 c6 8.
Bd3 O-O 9. Qc2 Re8 10. O-O Nf8 11. Rab1 a5 12. a3 Ng6 13. Ne5 Ng4 14. Bxe7 Qxe7
15. Nxg4 Bxg4 16. Bf5 Bxf5 17. Qxf5 Nh4 18. Qh5 g6 19. Qh6 Nf5 20. Qf4 Qd6 21.
Qxd6 Nxd6 1/2-1/2

[Event "First Saturday 2010 julius IM-A"]
[Site "Budapest"]
[Date "2010.07.05"]
[Round "3"]
[White "Szalanczy, Emil"]
[Black "Kahn, Evart dr"]
[Result "1/2-1/2"]
[WhiteElo "2272"]
[BlackElo "2250"]
[PlyCount "28"]
[EventDate "2010.07.03"]

1. e4 c5 2. Nf3 d6 3. d4 cxd4 4. Nxd4 Nf6 5. Nc3 g6 6. Be3 Bg7 7. f3 O-O 8. Qd2
Nc6 9. Bc4 Bd7 10. O-O-O Ne5 11. Bb3 Qa5 12. h4 Rfc8 13. Nd5 Qxd2+ 14. Rxd2
Nxd5 1/2-1/2

[Event "First Saturday 2010 julius IM-A"]
[Site "Budapest"]
[Date "2010.07.05"]
[Round "3"]
[White "Virag, Attila Aba"]
[Black "Martini, Balazs"]
[Result "0-1"]
[WhiteElo "2254"]
[BlackElo "2310"]
[PlyCount "102"]
[EventDate "2010.07.03"]

1. e4 c5 2. Nf3 e6 3. d4 cxd4 4. Nxd4 Nc6 5. Nb3 Nf6 6. Bd3 d5 7. exd5 Nxd5 8.
a3 e5 9. O-O Be7 10. Qe2 Be6 11. Rd1 Qb6 12. Bc4 Rd8 13. Bxd5 Rxd5 14. Rxd5
Bxd5 15. Be3 Qc7 16. Nc3 Bxb3 17. cxb3 O-O 18. Rd1 Rd8 19. Rxd8+ Qxd8 20. Qb5
Qd7 21. h3 a6 22. Qd5 Qxd5 23. Nxd5 f5 24. Kf1 Kf7 25. Ke2 Ke6 26. Nxe7 Kxe7
27. Kd3 Kd6 28. Bb6 Kd5 29. Kc3 Ne7 30. Kd3 Ng6 31. Ke3 Nf4 32. g3 Nxh3 33. f4
g5 34. fxe5 Kxe5 35. Bd8 h6 36. Bc7+ Kd5 37. Kf3 g4+ 38. Ke3 Ng5 39. Bf4 Nf7
40. Bc7 Ng5 41. Bf4 Ne4 42. Kd3 Nc5+ 43. Kc3 h5 44. b4 Ne6 45. Bd2 Ke4 46. Kc4
b5+ 47. Kc3 Kf3 48. Be1 Ke2 49. Bd2 h4 50. gxh4 g3 51. h5 g2 0-1

[Event "First Saturday 2010 julius IM-A"]
[Site "Budapest"]
[Date "2010.07.05"]
[Round "3"]
[White "Adams, Nick A"]
[Black "Farago, Sandor"]
[Result "1-0"]
[WhiteElo "2244"]
[BlackElo "2243"]
[PlyCount "87"]
[EventDate "2010.07.03"]

1. c4 c5 2. Nc3 g6 3. g3 Bg7 4. Bg2 Nc6 5. d3 e6 6. e4 Nge7 7. Nge2 O-O 8. O-O
Nd4 9. Rb1 Nec6 10. a3 d6 11. b4 Qe7 12. f4 Rb8 13. b5 Nxe2+ 14. Nxe2 Nd4 15.
Bb2 f5 16. Nxd4 cxd4 17. exf5 gxf5 18. a4 b6 19. Ba3 Qc7 20. Re1 Rf6 21. Qd2
Bd7 22. Ra1 Re8 23. a5 e5 24. axb6 axb6 25. Bb2 Bh6 26. Bd5+ Kg7 27. Ra6 Kg6
28. Rea1 Rff8 29. Ra7 Qd8 30. Rb7 Be6 31. Qg2 Bc8 32. Rba7 Re7 33. Kf1 Rxa7 34.
Rxa7 Qf6 35. Rc7 Qd8 36. Ra7 Qf6 37. Ba3 Bg7 38. Qb2 exf4 39. gxf4 Qh4 40. Qg2+
Qg4 41. Bxd6 Rd8 42. Bf7+ Kh6 43. Qxg4 fxg4 44. Be7 1-0

[Event "First Saturday 2010 julius IM-A"]
[Site "Budapest"]
[Date "2010.07.05"]
[Round "3"]
[White "Qu, Yanqiao"]
[Black "Tran, Tuan Minh"]
[Result "1-0"]
[WhiteElo "2149"]
[BlackElo "2244"]
[PlyCount "77"]
[EventDate "2010.07.03"]

1. c4 e6 2. Nc3 Bb4 3. Qc2 b6 4. a3 Bxc3 5. Qxc3 Nf6 6. d3 Bb7 7. Nf3 h6 8. b3
d5 9. Bb2 c5 10. e3 Nbd7 11. Be2 O-O 12. Rg1 Qe7 13. g4 e5 14. Nxe5 d4 15. exd4
Rfe8 16. f4 cxd4 17. Qxd4 Nc5 18. Qc3 Nfe4 19. dxe4 Nxe4 20. Qe3 Qh4+ 21. Kd1
f6 22. Kc2 fxe5 23. fxe5 Qxh2 24. Rh1 Qg3 25. Rh3 Qxe3 26. Rxe3 Ng5 27. Bd3 Rf8
28. Bf5 Bc8 29. e6 Re8 30. Rae1 Re7 31. a4 a6 32. Ba3 Re8 33. Kc3 g6 34. Bxg6
Rxe6 35. Bh5 Ra7 36. Rxe6 Bxe6 37. Bc1 Bf7 38. Bxg5 Bxh5 39. Bxh6 1-0

[Event "First Saturday 2010 julius IM-A"]
[Site "Budapest"]
[Date "2010.07.06"]
[Round "4"]
[White "Farago, Sandor"]
[Black "Qu, Yanqiao"]
[Result "1-0"]
[WhiteElo "2243"]
[BlackElo "2149"]
[PlyCount "79"]
[EventDate "2010.07.03"]

1. e4 c5 2. Nf3 Nc6 3. d4 cxd4 4. Nxd4 Qc7 5. Nc3 e6 6. Be3 a6 7. Nxc6 dxc6 8.
f4 Nf6 9. Bd3 c5 10. Qe2 b5 11. e5 Nd5 12. Nxd5 exd5 13. c3 Be7 14. O-O O-O 15.
Qh5 g6 16. Qf3 Bb7 17. Qg3 f5 18. Rad1 Bc8 19. Bc2 Be6 20. Bb3 Rad8 21. Qf3 Qb7
22. Rd2 Rd7 23. Rfd1 Rfd8 24. h3 Bf8 25. g4 Kh8 26. Bf2 Be7 27. Kh2 c4 28. Bc2
Rf8 29. gxf5 gxf5 30. Rg1 Bd8 31. Bc5 Rff7 32. Rdg2 Rg7 33. Bf8 Rxg2+ 34. Rxg2
Rf7 35. Bh6 Bh4 36. Qh5 Qe7 37. a3 Qd8 38. Bxf5 Rxf5 39. Bg7+ Kg8 40. Bf6+ 1-0

[Event "First Saturday 2010 julius IM-A"]
[Site "Budapest"]
[Date "2010.07.06"]
[Round "4"]
[White "Martini, Balazs"]
[Black "Adams, Nick A"]
[Result "1/2-1/2"]
[WhiteElo "2310"]
[BlackElo "2244"]
[PlyCount "79"]
[EventDate "2010.07.03"]

1. d4 d5 2. Bf4 e6 3. e3 c5 4. c3 Nf6 5. Nd2 Nc6 6. Ngf3 Bd6 7. dxc5 Bxc5 8.
Bd3 O-O 9. O-O Qe7 10. Bg5 h6 11. Bh4 e5 12. e4 g5 13. Nxg5 hxg5 14. Bxg5 d4
15. Nb3 Bb6 16. f4 dxc3+ 17. Kh1 Bd8 18. f5 cxb2 19. Rb1 Qd6 20. Be3 Nb4 21.
Rf3 Qxd3 22. Rg3+ Kh8 23. Rh3+ Kg8 24. Rg3+ Kh8 25. Nd2 Bxf5 26. exf5 Qxf5 27.
Bc5 Nd3 28. Rf3 Qg6 29. Bxf8 Bb6 30. Be7 Nf2+ 31. Rxf2 Bxf2 32. Bxf6+ Qxf6 33.
Ne4 Qf5 34. Nxf2 Qxf2 35. Qh5+ Kg8 36. Qg5+ Kf8 37. Qxe5 Re8 38. Qh8+ Ke7 39.
Qxb2 Qxb2 40. Rxb2 1/2-1/2

[Event "First Saturday 2010 julius IM-A"]
[Site "Budapest"]
[Date "2010.07.06"]
[Round "4"]
[White "Kahn, Evart dr"]
[Black "Lyell, Mark"]
[Result "1/2-1/2"]
[WhiteElo "2250"]
[BlackElo "2162"]
[PlyCount "89"]
[EventDate "2010.07.03"]

1. d4 Nf6 2. c4 e6 3. Nf3 d5 4. Bg5 c5 5. cxd5 cxd4 6. Qxd4 exd5 7. Bxf6 gxf6
8. Nc3 Be6 9. e3 Nc6 10. Qa4 Bg7 11. Bb5 O-O 12. Bxc6 bxc6 13. Qxc6 Rb8 14. Nd4
Rb6 15. Qa4 Qe7 16. Qc2 Rfb8 17. Rb1 f5 18. O-O f4 19. Nxe6 fxe6 20. exf4 Qc7
21. Qd3 Rxb2 22. Rxb2 Rxb2 23. Nd1 Rxa2 24. f5 Qc4 25. Qxc4 dxc4 26. fxe6 c3
27. Re1 Kf8 28. Ne3 Bd4 29. Rc1 Bxe3 30. fxe3 Ra3 31. Kf2 Ke7 32. Rc2 Kxe6 33.
Ke2 Kd5 34. Kd3 a5 35. g4 a4 36. h4 Rb3 37. Rxc3 Rb4 38. Rc7 h5 39. gxh5 Rxh4
40. Ra7 Kc5 41. Kc3 Kb5 42. Rb7+ Kc5 43. Rc7+ Kb5 44. Rb7+ Kc5 45. Ra7 1/2-1/2

[Event "First Saturday 2010 julius IM-A"]
[Site "Budapest"]
[Date "2010.07.06"]
[Round "4"]
[White "Lengyel, Bela"]
[Black "Szalanczy, Emil"]
[Result "1/2-1/2"]
[WhiteElo "2251"]
[BlackElo "2272"]
[PlyCount "35"]
[EventDate "2010.07.03"]

1. e4 c5 2. Nf3 d6 3. d4 cxd4 4. Nxd4 Nf6 5. Nc3 g6 6. Be2 Bg7 7. O-O Nc6 8.
Nb3 O-O 9. Kh1 Be6 10. f4 Rc8 11. f5 Bd7 12. Bg5 Ne5 13. Bd3 Nxd3 14. Qxd3 Bc6
15. Nd5 Bxd5 16. exd5 Nd7 17. c3 Ne5 18. Qh3 1/2-1/2

[Event "First Saturday 2010 julius IM-A"]
[Site "Budapest"]
[Date "2010.07.07"]
[Round "5"]
[White "Lyell, Mark"]
[Black "Lengyel, Bela"]
[Result "1/2-1/2"]
[WhiteElo "2162"]
[BlackElo "2251"]
[PlyCount "80"]
[EventDate "2010.07.03"]

1. e4 e5 2. f4 exf4 3. Nf3 Be7 4. Nc3 Nf6 5. d4 d5 6. Bd3 dxe4 7. Nxe4 Nxe4 8.
Bxe4 Nd7 9. Bxf4 Nf6 10. Bd3 Nd5 11. Bd2 O-O 12. O-O Bg4 13. c3 Bh5 14. Qc2 Bg6
15. Ne5 Bxd3 16. Qxd3 f6 17. Nf3 c6 18. c4 Nc7 19. Rae1 Qd7 20. Nh4 Rf7 21. Nf5
Bf8 22. Bc3 Re8 23. Rxe8 Nxe8 24. Qg3 g6 25. h4 Nd6 26. Nxd6 Bxd6 27. Qf3 f5
28. Re1 Re7 29. Rxe7 Qxe7 30. h5 Qh4 31. hxg6 hxg6 32. Kf1 Kf7 33. Ke2 Qg3 34.
Qxg3 Bxg3 35. Kf3 Bd6 36. g4 Ke6 37. Bd2 a6 38. b3 Be7 39. Ba5 Bg5 40. Bc7 Bf6
1/2-1/2

[Event "First Saturday 2010 julius IM-A"]
[Site "Budapest"]
[Date "2010.07.07"]
[Round "5"]
[White "Virag, Attila Aba"]
[Black "Kahn, Evart dr"]
[Result "1/2-1/2"]
[WhiteElo "2254"]
[BlackElo "2250"]
[PlyCount "162"]
[EventDate "2010.07.03"]

1. e4 c5 2. Nf3 d6 3. d4 cxd4 4. Nxd4 Nf6 5. Nc3 g6 6. Be3 Bg7 7. f3 O-O 8. Qd2
Nc6 9. O-O-O d5 10. Qe1 Rb8 11. Nb3 e6 12. h4 a5 13. Bb5 Bd7 14. h5 Nb4 15.
Bxd7 Qxd7 16. hxg6 fxg6 17. Kb1 a4 18. Nc5 Qc6 19. e5 Nh5 20. Qh4 Na6 21. Nd3
Qc4 22. Bd4 h6 23. Qg4 Kh7 24. Rh4 Qc6 25. Ne2 a3 26. Nef4 Nxf4 27. Nxf4 Rxf4
28. Qxf4 Rc8 29. c3 Qb5 30. b3 Nc5 31. Qd2 g5 32. Rhh1 Nd7 33. Qc2+ Kg8 34.
Rhe1 Rf8 35. Qg6 Qc6 36. Qd3 Rf5 37. g4 Rf7 38. Re3 b5 39. Rc1 Rf4 40. Rd1 Nf8
41. Qc2 Nd7 42. Ka1 Qc7 43. Qe2 Qc6 44. Kb1 Rf8 45. Qc2 Rf4 46. Qc1 Qa6 47. Qd2
Qc6 48. Rde1 Rf8 49. Qd3 Rf4 50. R3e2 Qb7 51. Bf2 Rf7 52. Bg3 Nc5 53. Qe3 Qc6
54. Bf2 Nd7 55. Qd3 Rf8 56. Bd4 Rf4 57. Qe3 Qa8 58. Kc2 Qf8 59. Rf2 Qb8 60. Kd1
Qc7 61. Ree2 Nf8 62. Qd3 Qc6 63. Be3 Rf7 64. f4 Nd7 65. Qd2 gxf4 66. Bd4 f3 67.
Re1 Nc5 68. Bxc5 Qxc5 69. Qe3 Qxe3 70. Rxe3 Rf4 71. Rfxf3 Rxg4 72. Rg3 Rxg3 73.
Rxg3 Kf7 74. Kc2 Bxe5 75. Rf3+ Kg6 76. Kd3 h5 77. Re3 Kf5 78. Rh3 Kg4 79. Re3
Kf4 80. Rh3 Kg4 81. Re3 Kf4 1/2-1/2

[Event "First Saturday 2010 julius IM-A"]
[Site "Budapest"]
[Date "2010.07.07"]
[Round "5"]
[White "Adams, Nick A"]
[Black "Berczes, Csaba"]
[Result "1/2-1/2"]
[WhiteElo "2244"]
[BlackElo "2406"]
[PlyCount "65"]
[EventDate "2010.07.03"]

1. c4 Nf6 2. Nc3 e6 3. e4 d5 4. e5 d4 5. exf6 dxc3 6. bxc3 Qxf6 7. d4 e5 8. Nf3
exd4 9. Bg5 Qe6+ 10. Be2 Be7 11. cxd4 Bxg5 12. Nxg5 Qe7 13. Qd2 h6 14. Nf3 O-O
15. O-O Bf5 16. Rfe1 Qd8 17. Qf4 Bh7 18. Rad1 Nd7 19. Bf1 Rc8 20. g3 Nf6 21.
Bh3 Rb8 22. Ne5 Re8 23. Bg2 Re7 24. d5 Qe8 25. Re3 Qa4 26. Rd2 Rbe8 27. Qd4 Nd7
28. Nxd7 Qxd7 29. Rde2 Rxe3 30. Rxe3 Rxe3 31. Qxe3 Qa4 32. h3 Bb1 33. Qc5
1/2-1/2

[Event "First Saturday 2010 julius IM-A"]
[Site "Budapest"]
[Date "2010.07.07"]
[Round "5"]
[White "Qu, Yanqiao"]
[Black "Martini, Balazs"]
[Result "1-0"]
[WhiteElo "2149"]
[BlackElo "2310"]
[PlyCount "65"]
[EventDate "2010.07.03"]

1. e4 c5 2. Nf3 e6 3. d3 d6 4. g3 Nc6 5. Bg2 g6 6. O-O Bg7 7. c3 Nge7 8. d4 Bd7
9. dxc5 dxc5 10. Na3 O-O 11. Qd6 b6 12. Bf4 Nc8 13. Qd2 e5 14. Rfd1 exf4 15.
Qxd7 Qxd7 16. Rxd7 fxg3 17. hxg3 N8e7 18. Rad1 Rad8 19. Nb5 a6 20. Nc7 a5 21.
Bf1 Rxd7 22. Rxd7 Rb8 23. Bc4 Kf8 24. Ng5 Ne5 25. Bxf7 Nxf7 26. Nge6+ Kg8 27.
Rxe7 Bf6 28. Rd7 Ne5 29. Rd5 a4 30. f4 Nc4 31. e5 Be7 32. Rd7 Bf8 33. Nd5 1-0

[Event "First Saturday 2010 julius IM-A"]
[Site "Budapest"]
[Date "2010.07.07"]
[Round "5"]
[White "Tran, Tuan Minh"]
[Black "Farago, Sandor"]
[Result "0-1"]
[WhiteElo "2244"]
[BlackElo "2243"]
[PlyCount "62"]
[EventDate "2010.07.03"]

1. d4 d5 2. c4 c6 3. Nf3 Nf6 4. Nc3 a6 5. cxd5 cxd5 6. g3 Nc6 7. Bg2 Bf5 8. O-O
e6 9. Bf4 Be7 10. h3 h6 11. g4 Bh7 12. Ne5 Rc8 13. Nxc6 Rxc6 14. Qd2 b5 15.
Rfc1 O-O 16. a3 Qb6 17. Na2 Rc4 18. e3 Ne4 19. Qe1 Bh4 20. Bg3 Nxg3 21. fxg3
Bf6 22. b3 Rcc8 23. Kh2 Bc2 24. b4 Rc4 25. Qd2 Rfc8 26. Bf1 R4c6 27. Bg2 Qc7
28. Rf1 Bh4 29. Rf4 Bxg3+ 30. Kxg3 g5 31. Bf1 Bg6 0-1

[Event "First Saturday 2010 julius IM-A"]
[Site "Budapest"]
[Date "2010.07.08"]
[Round "6"]
[White "Martini, Balazs"]
[Black "Tran, Tuan Minh"]
[Result "1/2-1/2"]
[WhiteElo "2310"]
[BlackElo "2244"]
[PlyCount "85"]
[EventDate "2010.07.03"]

1. d4 e6 2. Bf4 Nf6 3. e3 b6 4. Nf3 Bb7 5. h3 c5 6. c3 Nc6 7. Bd3 Be7 8. O-O
O-O 9. a4 d6 10. Bh2 Qc7 11. Na3 a6 12. Nc4 cxd4 13. exd4 Na5 14. Nxa5 bxa5 15.
Nd2 Bd5 16. Qe2 Qb7 17. Nf3 Rfb8 18. Rfb1 Qc6 19. Ne1 Bb3 20. f4 Rb7 21. Nf3
Bxa4 22. Nd2 d5 23. b3 Bb5 24. c4 Qb6 25. cxb5 Qxd4+ 26. Kh1 axb5 27. Nf3 Qb6
28. Bg1 Bc5 29. Bxc5 Qxc5 30. b4 Qb6 31. bxa5 Rxa5 32. Ne5 g6 33. Rxa5 Qxa5 34.
Qb2 Qd8 35. Ra1 Nh5 36. Ng4 f6 37. Qd4 Kg7 38. Kh2 Qb6 39. Qxb6 Rxb6 40. g3 b4
41. Ra2 Kf7 42. Rb2 Ke7 43. Kg2 1/2-1/2

[Event "First Saturday 2010 julius IM-A"]
[Site "Budapest"]
[Date "2010.07.08"]
[Round "6"]
[White "Berczes, Csaba"]
[Black "Qu, Yanqiao"]
[Result "0-1"]
[WhiteElo "2406"]
[BlackElo "2149"]
[PlyCount "116"]
[EventDate "2010.07.03"]

1. Nf3 Nf6 2. g3 d6 3. d4 Nbd7 4. Bg2 e5 5. O-O Be7 6. c4 O-O 7. Nc3 c6 8. Qc2
Qc7 9. b3 Re8 10. Bb2 Nf8 11. Rad1 Ng6 12. Rd2 Bf8 13. e3 Bg4 14. h3 Bd7 15.
Rfd1 Rad8 16. b4 Qc8 17. g4 h5 18. dxe5 hxg4 19. hxg4 dxe5 20. g5 Nh7 21. c5
Bg4 22. Ne4 Rxd2 23. Rxd2 Bxf3 24. Bxf3 Nh4 25. Qd1 Qf5 26. Bh1 Nxg5 27. Nxg5
Qxg5+ 28. Kf1 Qf5 29. a3 e4 30. Rd4 Qh3+ 31. Ke2 f5 32. Rd7 Qg4+ 33. Kd2 Qxd1+
34. Kxd1 Re7 35. Rd8 Kf7 36. Ke2 g5 37. Rd6 Bg7 38. Bxg7 Kxg7 39. f3 exf3+ 40.
Bxf3 g4 41. Bh1 f4 42. Rd4 Rxe3+ 43. Kd2 Nf3+ 44. Bxf3 Rxf3 45. Ke2 Kf6 46. a4
Re3+ 47. Kf1 Ke5 48. Rd7 Ke4 49. Rxb7 Kf3 50. b5 Rc3 51. Ke1 Rxc5 52. Rxa7 cxb5
53. a5 g3 54. a6 g2 55. Rg7 Rc1+ 56. Kd2 g1=Q 57. Rxg1 Rxg1 58. a7 Ra1 0-1

[Event "First Saturday 2010 julius IM-A"]
[Site "Budapest"]
[Date "2010.07.08"]
[Round "6"]
[White "Kahn, Evart dr"]
[Black "Adams, Nick A"]
[Result "1/2-1/2"]
[WhiteElo "2250"]
[BlackElo "2244"]
[PlyCount "28"]
[EventDate "2010.07.03"]

1. d4 Nf6 2. c4 g6 3. Nc3 d5 4. Bg5 Ne4 5. Bh4 Nxc3 6. bxc3 Bg7 7. cxd5 Qxd5 8.
e3 c5 9. Nf3 cxd4 10. cxd4 Qa5+ 11. Qd2 Qxd2+ 12. Kxd2 Nc6 13. Rb1 b6 14. Bb5
Bb7 1/2-1/2

[Event "First Saturday 2010 julius IM-A"]
[Site "Budapest"]
[Date "2010.07.08"]
[Round "6"]
[White "Lengyel, Bela"]
[Black "Virag, Attila Aba"]
[Result "1-0"]
[WhiteElo "2251"]
[BlackElo "2254"]
[PlyCount "109"]
[EventDate "2010.07.03"]

1. e4 c5 2. Nf3 Nc6 3. d4 cxd4 4. Nxd4 Nf6 5. Nc3 e5 6. Ndb5 d6 7. a4 a6 8. Na3
Bg4 9. Qd2 Be7 10. Bc4 O-O 11. O-O Rc8 12. h3 Be6 13. Rd1 Nd4 14. Qd3 Bxc4 15.
Nxc4 Nxc2 16. Qxc2 Rxc4 17. Qb3 Qc7 18. Bg5 Rc8 19. Bxf6 Bxf6 20. Nd5 Qc5 21.
Qf3 Bd8 22. Ne3 Rd4 23. Nf5 Rxd1+ 24. Rxd1 Bf6 25. Rxd6 Rd8 26. Nh6+ gxh6 27.
Rxf6 Rf8 28. Kh2 Kg7 29. Rf5 f6 30. Qg4+ Kh8 31. Qh4 Kg7 32. Rf3 Qc1 33. Qg4+
Kh8 34. h4 Qc6 35. Rg3 Qc7 36. Qh5 Rg8 37. Qxh6 Rxg3 38. Kxg3 Qf7 39. a5 Kg8
40. f3 Qe6 41. Qh5 Qb3 42. Qe8+ Kg7 43. Qe7+ Kg8 44. Qxf6 Qxb2 45. h5 Qc3 46.
h6 Qc7 47. Kg4 Qd7+ 48. Kg5 Qd2+ 49. Kf5 Qxg2 50. Qg5+ Qxg5+ 51. Kxg5 Kf7 52.
Kf5 Ke7 53. Kxe5 Kd7 54. Kd5 Kc7 55. Kc5 1-0

[Event "First Saturday 2010 julius IM-A"]
[Site "Budapest"]
[Date "2010.07.08"]
[Round "6"]
[White "Szalanczy, Emil"]
[Black "Lyell, Mark"]
[Result "0-1"]
[WhiteElo "2272"]
[BlackElo "2162"]
[PlyCount "114"]
[EventDate "2010.07.03"]

1. e4 e5 2. Nf3 Nc6 3. Bb5 f5 4. Nc3 fxe4 5. Nxe4 Nf6 6. Qe2 d5 7. Nxf6+ gxf6
8. d4 Bg7 9. dxe5 O-O 10. e6 Ne5 11. Be3 Bxe6 12. O-O-O Qc8 13. Nd4 Bg4 14. f3
Bd7 15. g4 Bxb5 16. Qxb5 c6 17. Qb3 Nc4 18. Nf5 Qc7 19. Rd4 Rfe8 20. Bf4 Qb6
21. Rhd1 Bf8 22. g5 Re6 23. h4 Rae8 24. Bd2 Re5 25. Qxb6 axb6 26. Ng3 Nxd2 27.
Kxd2 Bc5 28. Rg4 Be3+ 29. Kc3 d4+ 30. Rdxd4 Bxd4+ 31. Kxd4 Rd8+ 32. Kc4 fxg5
33. Ne4 b5+ 34. Kb3 Rf8 35. Nxg5 Kh8 36. c3 h6 37. Ne4 Rxf3 38. Nd6 Re7 39. Rg6
Kh7 40. h5 Rf2 41. Ka3 Rf4 42. b3 Re2 43. Nxb7 b4+ 44. cxb4 Rff2 45. b5 cxb5
46. Rc6 Re5 47. Nd6 Kg7 48. Rb6 Rxh5 49. Nxb5 Rhf5 50. Nd6 Ra5+ 51. Kb4 Raxa2
52. Kb5 h5 53. Ne8+ Kf7 54. Nd6+ Ke7 55. Nc4 Rf3 56. Kc5 h4 57. Kd4 h3 0-1